Politika vedy a výskumu vo vybraných krajinách bývalého Východného bloku

Charakteristika hospodárskej politiky zameranej na rozvoj vedy a výskumu vo vybraných krajinách bývalého Východného bloku, menovite: Ukrajina, Ruská federácia, Moldavsko, Albánsko. Investície do vedy a výskumu v uvedených krajinách sú veľmi malé. Výnimkou je Ruská federácia, ktorá disponuje veľkým m...

ver descrição completa

Na minha lista:
Detalhes bibliográficos
Autor principal: Vongrej, Marián
Formato: Capítulo de Livro
Idioma:eslovaco
Assuntos:
Tags: Adicionar Tag
Sem tags, seja o primeiro a adicionar uma tag!

MARC

LEADER 00000nla a2200000 4500
001 0175641
005 20240502073010.0
041 0 |a slo 
044 |a SK 
245 1 0 |a Politika vedy a výskumu vo vybraných krajinách bývalého Východného bloku  |c Marián Vongrej 
520 |a Charakteristika hospodárskej politiky zameranej na rozvoj vedy a výskumu vo vybraných krajinách bývalého Východného bloku, menovite: Ukrajina, Ruská federácia, Moldavsko, Albánsko. Investície do vedy a výskumu v uvedených krajinách sú veľmi malé. Výnimkou je Ruská federácia, ktorá disponuje veľkým množstvom finančných prostriedkov vďaka ich nerastnému bohatstvu, a kde veda a výskum sú na relatívne vysokej úrovni. 
610 2 0 |a veda 
610 2 0 |a výskum 
610 2 0 |a investície 
610 2 0 |a porovnanie medzinárodné 
100 1 |a Vongrej, Marián